000
00283nam a22000977a 4500
999
_c
515227
_d
515227
082
_a
TNC T39 As39
100
_a
Ashworth, William
_9
20451
245
_a
The short history of the international economy 1850- 1950
_c
by William Ashworth
260
_a
London
_b
Longmans
_c
1952
300
_a
256p.